Colonialism and postcolonial development: Spanish America in comparative perspective (Record no. 133029)

MARC details
000 -LEADER
fixed length control field 00806nam a2200229Ia 4500
008 - FIXED-LENGTH DATA ELEMENTS--GENERAL INFORMATION
fixed length control field 191130s2010##################000#0#eng##
020 ## - INTERNATIONAL STANDARD BOOK NUMBER
ISBN 9780521133289
082 ## - DEWEY DECIMAL CLASSIFICATION NUMBER
Classification number 325.346098 MAH
100 ## - MAIN ENTRY--AUTHOR NAME
Personal name Mahoney, James
245 ## - TITLE STATEMENT
Title Colonialism and postcolonial development: Spanish America in comparative perspective
Statement of responsibility, etc James Mahoney
260 ## - PUBLICATION, DISTRIBUTION, ETC. (IMPRINT)
Place of publication Cambridge
Name of publisher Cambridge University Press
Year of publication 2010
300 ## - PHYSICAL DESCRIPTION
Number of Pages xvii, 400 p. : il. ; 24 cm
500 ## - GENERAL NOTE
General note Includes bibliographical references and index
650 ## - SUBJECT ADDED ENTRY--TOPICAL TERM
Topical Term América Latina -- Colonización
Topical Term España -- Colonias -- América -- Administración
Topical Term Gobierno comparado
Topical Term Postcolonialismo -- América Latina
991 ## -
-- 148326
Holdings
Withdrawn status Lost status Damaged status Not for loan Home library Current library Shelving location Date acquired Full call number Accession Number Price effective from Koha item type
        Anna Centenary Library Anna Centenary Library 3RD FLOOR, B WING 12.10.2020 325.346098 MAH 243799 12.10.2020 English Books

Find us on the map